Gidroizoljacija strojiteľnych sooruženij

Guardado en:
Detalles Bibliográficos
Autor principal: Lufski, K. (Autor)
Formato: Libro
Lenguaje:ruso
Publicado: Moskva : Strojizdat, 1982
Etiquetas: Agregar Etiqueta
Sin Etiquetas, Sea el primero en etiquetar este registro!

MARC

LEADER 00000nam a22000003a 4500
001 stu166165
005 20150617230004.9
008 080701s1982----xxr-----------------rus-d
040 |a STU  |b slo 
041 0 |a rus 
044 |a xxr 
080 |a 699.82 
100 1 |a Lufski, K.  |4 aut 
245 1 |a Gidroizoljacija strojiteľnych sooruženij 
260 |a Moskva :  |b Strojizdat,  |c 1982 
300 |a 206 s 
500 |a prel. z nemeckého orig. 
996 |c V*22779/O-8975  |l VV18  |s P  |a 0  |w stu166165_0001